| 000 | 00371nam a2200133Ia 4500 | ||
|---|---|---|---|
| 008 | 220217s9999||||xx |||||||||||||| ||und|| | ||
| 020 | _a81-224-0342-5 | ||
| 082 | _a621.381 52 SIE | ||
| 100 |
_aLob, Udo _93970 |
||
| 245 | 0 | _aMode of operation of the semicounductor diode | |
| 260 |
_aWiley eastern limited _bNew Delhi _c1993 |
||
| 300 | _b40 | ||
| 650 | _aCIRCUITRY | ||
| 999 |
_c173312 _d173312 |
||